Online
Catalog

La isla de Silvano Lora y Chichi Cordero y los perros / (Record no. 21471)

MARC details
000 -CABECERA
campo de control de longitud fija 01052nam a2200265 a 4500
001 - NÚMERO DE CONTROL
campo de control 000021973
005 - FECHA Y HORA DE LA ÚLTIMA TRANSACCIÓN
campo de control 20200930011528.0
008 - DATOS DE LONGITUD FIJA--INFORMACIÓN GENERAL
campo de control de longitud fija 100915s1999 dr a 001 0 spa d
040 ## - FUENTE DE LA CATALOGACIÓN
Centro catalogador/agencia de origen DO-SdBNP
Lengua de catalogación spa
Centro/agencia transcriptor BNPHU
082 ## - NÚMERO DE LA CLASIFICACIÓN DECIMAL DEWEY
Número de clasificación 841.92
Número de documento/Ítem B219i
100 1# - ENTRADA PRINCIPAL--NOMBRE DE PERSONA
Nombre de persona Bansept, Claudine,
Fechas asociadas al nombre 1954-
9 (RLIN) 45557
245 13 - MENCIÓN DE TÍTULO
Título La isla de Silvano Lora y Chichi Cordero y los perros /
Mención de responsabilidad, etc. Claudine Bansept ; presentación Claude Couffon ; traducción Takali Blasco ; ilustración Silvano Lora, José García Cordero.
246 1# - FORMA VARIANTE DE TÍTULO
Título propio/Titulo breve La isla de Silvano Lora :
Resto del título LÎle de Silvano Lora /
260 ## - PUBLICACIÓN, DISTRIBUCIÓN, ETC.
Lugar de publicación, distribución, etc. Santo Domingo :
Nombre del editor, distribuidor, etc. Editorial Publiguías,
Fecha de publicación, distribución, etc. 1999.
300 ## - DESCRIPCIÓN FÍSICA
Extensión 44 p. :
Otras características físicas il. ;
Dimensiones 22 cm.
500 ## - NOTA GENERAL
Nota general Incluye notas al pie de las páginas
590 ## - NOTA LOCAL (RLIN)
Nota local Inventariado, 2018/ YL
650 #4 - PUNTO DE ACCESO ADICIONAL DE MATERIA--TÉRMINO DE MATERIA
Término de materia o nombre geográfico como elemento de entrada Prosa poética francesa
9 (RLIN) 39335
650 #4 - PUNTO DE ACCESO ADICIONAL DE MATERIA--TÉRMINO DE MATERIA
Término de materia o nombre geográfico como elemento de entrada Literatura francesa
9 (RLIN) 1074
700 12 - PUNTO DE ACCESO ADICIONAL--NOMBRE DE PERSONA
Nombre de persona Couffon, Claude
9 (RLIN) 26662
700 12 - PUNTO DE ACCESO ADICIONAL--NOMBRE DE PERSONA
Nombre de persona Blasco, Takali,
Término indicativo de función/relación tr.
9 (RLIN) 45558
700 12 - PUNTO DE ACCESO ADICIONAL--NOMBRE DE PERSONA
Nombre de persona Lora, Silvano,
Término indicativo de función/relación il.
9 (RLIN) 45559
700 12 - PUNTO DE ACCESO ADICIONAL--NOMBRE DE PERSONA
Nombre de persona García Cordero, José,
Término indicativo de función/relación il.
9 (RLIN) 45560
910 ## - DATOS DE OPCIÓN DEL USUARIO (OCLC)
Datos de opción del usuario Validado. Control de caliad MFF
Holdings
Estado de retiro Estado de pérdida No para préstamo Código de colección Localización permanente Ubicación/localización actual Ubicación en estantería Fecha de adquisición Número de inventario Total de préstamos Signatura topográfica completa Código de barras Fecha visto por última vez Precio válido a partir de Tipo de ítem Koha
    Excluido de préstamo Patrimonio Dominicano Patrimonio Dominicano Patrimonio Dominicano Depósito 15.09.2010 LF1   841.92 B219i 21973-10 25.06.2020 25.06.2020 Libro y Folleto Colección Patrimonio Dominicano

Powered by Koha